000 00348nam a2200157Ia 4500
008 230605s2003 xx 000 0 und d
041 _aeng
100 _aBlitizer
245 _aFind the Bathroom First
260 _bViva books Mumbai
_c2003
_c2003
300 _a97
365 _b76
_h20
500 _a98
520 _aGeneral
650 _aH.K.
999 _c417873
_d417873